| 000 | 00855nab a2200265 u 4500 | ||
|---|---|---|---|
| 001 | 07246 | ||
| 003 | HDC | ||
| 007 | cr bn ---aaaaa | ||
| 008 | 210127c mydr|nes 0 a may d | ||
| 040 | _aHDC | ||
| 100 |
_aLaupa Junus _eauthor _97737 |
||
| 245 | 0 |
_aDe First mahu perluas pasaran / _cby Laupa Junus |
|
| 260 |
_aKuala Lumpur : _bUTUSAN MALAYSIA, _c2017 |
||
| 300 | _apage 29 | ||
| 336 |
_atext _2rdacontent |
||
| 337 |
_acomputer _2rdamedia |
||
| 338 |
_aonline resource _2rdacarrier |
||
| 650 |
_aEconomy _91877 |
||
| 650 |
_aEntrepreneur development _96623 |
||
| 650 |
_aManufacturing industry _97738 |
||
| 856 | _zRequest full-text at [email protected] | ||
| 942 | _2lcc | ||
| 942 | _cNEWS | ||
| 942 | _kNWSC 001108 | ||
| 999 |
_c4570 _d4570 |
||